[Event "TUR Cup"]
[Site "Antalya"]
[Date "2020.01.27"]
[Round "3"]
[White "Yaylali, Adnan Dogan"]
[Black "Gursu, Ahmet Burak"]
[Result "1/2-1/2"]
[WhiteElo "1947"]
[BlackElo "1297"]
[PlyCount "58"]
[EventDate "2020.01.26"]
[EventType "swiss"]
[EventRounds "11"]
[EventCountry "TUR"]
[SourceTitle "CBM 194 Extra"]
[Source "ChessBase"]
[SourceDate "2020.03.31"]
[SourceVersion "1"]
[SourceVersionDate "2020.03.31"]
[SourceQuality "1"]

1. d4 d5 2. Nf3 Nf6 3. Bf4 c5 4. e3 Nc6 5. c3 e6 6. Nbd2 Nh5 7. Be5 Nxe5 8. Nxe5 Nf6 9. Ndf3 Bd6 10. Bb5+ Nd7 11. Qa4 cxd4 12. cxd4 a6 13. Rc1 Ke7 14. Be2 f6 15. Nd3 b5 16. Qb3 Bb7 17. 0-0 Qb6 18. Nd2 Rac8 19. f4 f5 20. Ne5 Rxc1 21. Rxc1 Rc8 22. Rxc8 Bxc8 23. Qc2 Bb7 24. g4 g6 25. gxf5 gxf5 26. Ndf3 Nf6 27. Bd3 Qc7 28. h3 Qxc2 29. Bxc2 Nd7 1/2-1/2

[Event "TUR-chT Clubs"]
[Site "Konya"]
[Date "2019.07.20"]
[Round "8.28"]
[White "Gursu, Ahmet Burak"]
[Black "Salli, Muhammed Enes"]
[Result "1/2-1/2"]
[WhiteElo "1319"]
[BlackElo "1005"]
[PlyCount "149"]
[EventDate "2019.07.16"]
[EventType "team-swiss"]
[EventRounds "9"]
[EventCountry "TUR"]
[SourceTitle "CBM 191 Extra"]
[Source "ChessBase"]
[SourceDate "2019.09.30"]
[SourceVersion "1"]
[SourceVersionDate "2019.09.30"]
[SourceQuality "1"]
[WhiteTeam "Harput Genclik"]
[BlackTeam "Avanos Genclik"]
[WhiteTeamCountry "TUR"]
[BlackTeamCountry "TUR"]

1. Nf3 d5 2. c4 c6 3. d4 Nf6 4. Bf4 e6 5. e3 Bd6 6. Bxd6 Qxd6 7. Nc3 Nbd7 8. cxd5 cxd5 9. Nb5 Qb4+ 10. Qd2 Qxd2+ 11. Nxd2 Ke7 12. Bd3 a6 13. Nc3 b5 14. f4 Nb6 15. Ke2 Bb7 16. Rhc1 Rhc8 17. Rc2 Rc7 18. Rac1 Rac8 19. h3 Nc4 20. g4 h6 21. g5 hxg5 22. fxg5 Ne8 23. Nd1 Ned6 24. b3 Rh8 25. Nf2 Rcc8 26. bxc4 bxc4 27. Rc3 cxd3+ 28. Kxd3 Rxc3+ 29. Rxc3 Nb5 30. Rc1 Rf8 31. Nf3 f6 32. Ng4 Rh8 33. h4 Bc8 34. a4 e5 35. Nfxe5 fxe5 36. Nxe5 Bf5+ 37. Kd2 Nd6 38. Rc7+ Kf8 39. Rc6 Ne4+ 40. Kc1 Rxh4 41. Rxa6 Rh1+ 42. Kb2 Rh2+ 43. Kb3 Kg8 44. g6 Rc2 45. Ra8+ Rc8 46. Rxc8+ Bxc8 47. Kb4 Kf8 48. a5 Ke7 49. Kb5 Kd6 50. Kb6 Nc3 51. a6 Bxa6 52. Kxa6 Nd1 53. Ng4 Ke6 54. Kb5 Kf5 55. Ne5 Nxe3 56. Kc5 Ke4 57. Nd7 Nf5 58. Nb6 Ne7 59. Kd6 Nf5+ 60. Kc5 Nxd4 61. Nxd5 Nf5 62. Kc6 Nh4 63. Ne7 Ke5 64. Kc5 Kf6 65. Nd5+ Kxg6 66. Kd4 Kf5 67. Ke3 Kg4 68. Nf4 Nf5+ 69. Ke4 Nd6+ 70. Ke3 Nc4+ 71. Ke4 Nd2+ 72. Ke3 Nf1+ 73. Ke4 Ng3+ 74. Ke3 Nh5 75. Ne6 1/2-1/2

[Event "TUR-chT Clubs"]
[Site "Konya"]
[Date "2019.07.18"]
[Round "4.25"]
[White "Gursu, Ahmet Burak"]
[Black "Ekmekcioglu, Gokdeniz"]
[Result "1/2-1/2"]
[WhiteElo "1319"]
[BlackElo "1246"]
[PlyCount "152"]
[EventDate "2019.07.16"]
[EventType "team-swiss"]
[EventRounds "9"]
[EventCountry "TUR"]
[SourceTitle "CBM 191 Extra"]
[Source "ChessBase"]
[SourceDate "2019.09.30"]
[SourceVersion "1"]
[SourceVersionDate "2019.09.30"]
[SourceQuality "1"]
[WhiteTeam "Harput Genclik"]
[BlackTeam "Ermenek Turkuaz Yelken"]
[WhiteTeamCountry "TUR"]
[BlackTeamCountry "TUR"]

1. e4 e6 2. d4 d5 3. Nc3 dxe4 4. Nxe4 Bd7 5. Nf3 Bc6 6. Bd3 Bxe4 7. Bxe4 c6 8. c4 Nf6 9. Bc2 Bd6 10. Be3 0-0 11. a3 a5 12. 0-0 Nbd7 13. Qd2 Qc7 14. c5 Be7 15. Bf4 Qd8 16. b4 Nd5 17. Bg3 N7f6 18. Ne5 Nh5 19. Qd3 g6 20. b5 Nxg3 21. hxg3 cxb5 22. Qxb5 Qc7 23. Bb3 Rfd8 24. Bxd5 Rxd5 25. Nf3 Bf6 26. Rfd1 Rad8 27. Qa4 Qd7 28. Qxa5 Bxd4 29. Nxd4 Rxd4 30. Rxd4 Qxd4 31. Rb1 Qd7 32. g4 Rc8 33. Qb4 Qc6 34. Rd1 Qxc5 35. Qxb7 Qc7 36. Qf3 Qa7 37. g3 Qa8 38. Qe3 Qb7 39. g5 Qc7 40. Qf3 Qe7 41. Qe3 Rc5 42. f4 Ra5 43. Rb1 Qxa3 44. Qxa3 Rxa3 45. Kg2 Kg7 46. Rb7 Ra5 47. Kf3 e5 48. Ke4 exf4 49. gxf4 Rf5 50. Kf3 h6 51. gxh6+ Kxh6 52. Kg4 Kg7 53. Ra7 Kf6 54. Ra6+ Ke7 55. Rb6 Rd5 56. Ra6 Rd6 57. Rxd6 Kxd6 58. f5 Ke7 59. Kg5 gxf5 60. Kxf5 f6 61. Kf4 Kf7 62. Kf5 Ke7 63. Kf4 Ke6 64. Ke4 f5+ 65. Kf3 Kf6 66. Kf2 Ke5 67. Ke3 f4+ 68. Kf3 Kf5 69. Kf2 Ke4 70. Ke2 f3+ 71. Kf1 Ke3 72. Ke1 Ke4 73. Kf2 Kf4 74. Kf1 Ke3 75. Ke1 f2+ 76. Kf1 Kf3 1/2-1/2

[Event "TUR-chT Clubs"]
[Site "Konya"]
[Date "2019.07.17"]
[Round "3.21"]
[White "Gursu, Ahmet Burak"]
[Black "Ucar, Mehmet Ali"]
[Result "0-1"]
[WhiteElo "1319"]
[BlackElo "1182"]
[PlyCount "86"]
[EventDate "2019.07.16"]
[EventType "team-swiss"]
[EventRounds "9"]
[EventCountry "TUR"]
[SourceTitle "CBM 191 Extra"]
[Source "ChessBase"]
[SourceDate "2019.09.30"]
[SourceVersion "1"]
[SourceVersionDate "2019.09.30"]
[SourceQuality "1"]
[WhiteTeam "Harput Genclik"]
[BlackTeam "Koy Hizmetleri Kastamonu"]
[WhiteTeamCountry "TUR"]
[BlackTeamCountry "TUR"]

1. d4 d5 2. c4 e6 3. Nf3 Nf6 4. Nc3 Nbd7 5. cxd5 exd5 6. Bf4 c6 7. e3 Bb4 8. Bd3 0-0 9. 0-0 Re8 10. Qc2 h6 11. Ne2 Nf8 12. Ng3 Bd6 13. Bxd6 Qxd6 14. Ne5 Ng4 15. Nf3 Nf6 16. h3 N8d7 17. Nf5 Qc7 18. Rae1 b6 19. b4 Bb7 20. g4 Ne4 21. h4 Rad8 22. Nh2 Ndf6 23. f3 Ng3 24. Rf2 Nxf5 25. Bxf5 Qg3+ 26. Kh1 Qxh4 27. Qd2 Nd7 28. Rg1 Qe7 29. Re2 Ba6 30. Ree1 Nf6 31. g5 hxg5 32. Rxg5 Ne4 33. Rxg7+ Kxg7 34. fxe4 Rh8 35. Rg1+ Kf8 36. Qg2 Qf6 37. Rf1 Bxf1 38. Qxf1 Qh4 39. Qe2 Qh5 40. Bg4 Qg6 41. e5 Ke7 42. Qf3 Rdg8 43. b5 Qxg4 0-1